[Event "Warsaw YMCA Winter-D 71st"]
[Site "Warsaw"]
[Date "2010.03.24"]
[Round "10"]
[White "Wilk, Mariusz"]
[Black "Tomczyk, Ryszard"]
[Result "1-0"]
[WhiteElo "1562"]
[BlackElo "1518"]
[PlyCount "93"]
[EventDate "2010.01.05"]
[EventType "tourn"]
[EventRounds "13"]
[EventCountry "POL"]
[SourceTitle "EXT 2011"]
[Source "ChessBase"]
[SourceDate "2010.11.26"]
[SourceVersion "1"]
[SourceVersionDate "2010.11.26"]
[SourceQuality "1"]

1. e4 b6 2. Bc4 Bb7 3. Nf3 Bxe4 4. Bxf7+ Kxf7 5. Ng5+ Ke8 6. Nxe4 d5 7. Qh5+ g6 8. Qe5 dxe4 9. Qxh8 Nf6 10. 0-0 Kf7 11. Nc3 Qd7 12. Nxe4 Nxe4 13. Qxh7+ Bg7 14. d3 Nf6 15. Qh4 Nc6 16. Bd2 Nd4 17. Rae1 Nxc2 18. Qc4+ Nd5 19. Qxc2 Rh8 20. Re4 Qd6 21. h3 Bf6 22. Rfe1 g5 23. Re6 Qd8 24. Qc4 c5 25. Qg4 Qg8 26. Qf5 Qd8 27. Bxg5 Rh5 28. Rxe7+ Kf8 29. Re8+ Qxe8 30. Rxe8+ Kxe8 31. Qg6+ Ke7 32. Qxh5 a6 33. Bxf6+ Nxf6 34. Qe5+ Kf7 35. g4 Nd7 36. Qf5+ Ke7 37. g5 a5 38. g6 a4 39. g7 Nf6 40. Qxf6+ Kxf6 41. g8Q Ke5 42. h4 Kd4 43. h5 Kxd3 44. h6 Kc2 45. h7 Kxb2 46. Qc4 Ka3 47. h8Q 1-0

[Event "Warsaw YMCA Winter-D 71st"]
[Site "Warsaw"]
[Date "2010.01.26"]
[Round "4"]
[White "Jarmula, Lukasz"]
[Black "Wilk, Mariusz"]
[Result "0-1"]
[WhiteElo "1634"]
[BlackElo "1562"]
[PlyCount "64"]
[EventDate "2010.01.05"]
[EventType "tourn"]
[EventRounds "13"]
[EventCountry "POL"]
[SourceTitle "EXT 2011"]
[Source "ChessBase"]
[SourceDate "2010.11.26"]
[SourceVersion "1"]
[SourceVersionDate "2010.11.26"]
[SourceQuality "1"]

1. e4 c5 2. Nf3 Nc6 3. d4 cxd4 4. Nxd4 Qb6 5. Nb3 Nf6 6. Nc3 e6 7. Be3 Qc7 8. a3 a6 9. Be2 Be7 10. 0-0 0-0 11. f4 d6 12. Qe1 b5 13. Qg3 Kh8 14. Nd4 Bb7 15. Bd3 b4 16. Nxc6 bxc3 17. Nxe7 Qxe7 18. Qh4 cxb2 19. e5 dxe5 20. fxe5 bxa1Q 21. Rxa1 g6 22. exf6 Qd6 23. Bh6 Qd5 24. Qg4 Rfd8 25. Bg7+ Kg8 26. Kh1 Qd4 27. Qd1 Qf2 28. Qg4 Rd4 29. Qg5 Rad8 30. h3 R8d5 31. Qc1 Rh5 32. Qg1 Rxh3+ 0-1

[Event "Warsaw op 04"]
[Site "Warsaw"]
[Date "2009.05.22"]
[Round "7"]
[White "Palka, Dominika"]
[Black "Wilk, Mariusz"]
[Result "0-1"]
[WhiteElo "1596"]
[BlackElo "1542"]
[PlyCount "90"]
[EventDate "2009.04.07"]
[EventType "swiss"]
[EventRounds "11"]
[EventCountry "POL"]
[SourceTitle "EXT 2012"]
[Source "ChessBase"]
[SourceDate "2011.11.24"]
[SourceVersion "1"]
[SourceVersionDate "2011.11.24"]
[SourceQuality "1"]

1. e4 c5 2. Nf3 Nc6 3. d4 cxd4 4. Nxd4 Qb6 5. Nb3 Nf6 6. Nc3 e6 7. Be3 Qc7 8. a3 a6 9. Be2 Be7 10. f4 d6 11. 0-0 0-0 12. f5 b5 13. Qe1 Bb7 14. Qg3 Kh8 15. fxe6 fxe6 16. Nc5 Qc8 17. Nd3 e5 18. Bf3 Na5 19. Rad1 Nc4 20. Bc1 Nxa3 21. Rf2 Nc4 22. b3 Ne3 23. Bxe3 Qxc3 24. Bg5 Rae8 25. Qh4 Qc7 26. Bh5 Nxh5 27. Bxe7 Rxf2 28. Qxh5 Rxg2+ 29. Kxg2 Bxe4+ 30. Kh3 Qxe7 31. Rg1 Qe6+ 32. Kh4 Bxd3 33. cxd3 Rf8 34. Qg5 Qf6 35. Qxf6 Rxf6 36. Rc1 Kg8 37. Rc8+ Kf7 38. Kg5 h6+ 39. Kh5 Rf2 40. Rc6 Rxh2+ 41. Kg4 Rb2 42. Rxa6 Rxb3 43. Rxd6 g6 44. Rd5 b4 45. Kf3 Ke6 0-1